Operating System, / (Record no. 1908)

MARC details
000 -LEADER
Fixed length control field 00491nam a2200181 4500
003 - CONTROL NUMBER IDENTIFIER
Control field SEACOMEC
005 - DATE AND TIME OF LATEST TRANSACTION
Control field 20241223144445.0
008 - FIXED-LENGTH DATA ELEMENTS--GENERAL INFORMATION
Fixed length control field 241223b |||||||| |||| 00| 0 eng d
020 ## - INTERNATIONAL STANDARD BOOK NUMBER / ISBN
International Standard Book Number 9788131712894
Price 535.00
040 ## - CATALOGING SOURCE
Original cataloging agency SEACOMEC
082 ## - DEWEY DECIMAL CLASSIFICATION NUMBER
Classification number 005.43
Book Number D324
100 ## - MAIN ENTRY--PERSONAL NAME
Personal name Deitel , H M
245 ## - TITLE STATEMENT
Title Operating System, /
Statement of responsibility Harvey M. Deitel, Paul J. Deitel & David R. Choffnes
250 ## - EDITION STATEMENT
Edition statement 3rd ed.
260 ## - IMPRINT
Place of publication Delhi
Name of publisher Pearson Education India
Date of publication 2007
300 ## - PHYSICAL DESCRIPTION
Page / Vol. No 240p
942 ## - ADDED ENTRY ELEMENTS (KOHA)
Koha item type Books
Holdings
Withdrawn status Lost status Source of classification Damaged status Not for loan Home library Current library Date acquired Total Checkouts Call number Accession number Date last seen Price effective from Koha item type Copy number
    Dewey Decimal Classification     SEACOM ENGINEERING COLLEGE SEACOM ENGINEERING COLLEGE 02/05/2008   005.43 D324 11510 23/12/2024 23/12/2024 Books  
    Dewey Decimal Classification     SEACOM ENGINEERING COLLEGE SEACOM ENGINEERING COLLEGE 02/05/2008   005.43 D324 11511 23/12/2024 23/12/2024 Books 1
    Dewey Decimal Classification     SEACOM ENGINEERING COLLEGE SEACOM ENGINEERING COLLEGE 02/05/2008   005.43 D324 11512 23/12/2024 23/12/2024 Books 2
    Dewey Decimal Classification     SEACOM ENGINEERING COLLEGE SEACOM ENGINEERING COLLEGE 02/05/2008   005.43 D324 11513 23/12/2024 23/12/2024 Books 3
    Dewey Decimal Classification     SEACOM ENGINEERING COLLEGE SEACOM ENGINEERING COLLEGE 02/05/2008   005.43 D324 11514 23/12/2024 23/12/2024 Books 4
    Dewey Decimal Classification     SEACOM ENGINEERING COLLEGE SEACOM ENGINEERING COLLEGE 02/05/2008   005.43 D324 11515 23/12/2024 23/12/2024 Books 5
© Seacom Engineering College, All rights reserved.      Powered by Koha